Jānān̲ jānān̲ / (Record no. 330161)

000 -LEADER
fixed length control field 00632cam a2200217 i 4500
001 - CONTROL NUMBER
control field 1807027
003 - CONTROL NUMBER IDENTIFIER
control field NUST
005 - DATE AND TIME OF LATEST TRANSACTION
control field 20170612112729.0
008 - FIXED-LENGTH DATA ELEMENTS--GENERAL INFORMATION
fixed length control field 800102s1978 pk 000 0 urdo
010 ## - LIBRARY OF CONGRESS CONTROL NUMBER
LC control number 78931339
020 ## - INTERNATIONAL STANDARD BOOK NUMBER
Terms of availability Rs20.00
International Standard Book Number 9694962692
040 ## - CATALOGING SOURCE
Original cataloging agency DLC
Transcribing agency DLC
Modifying agency DLC
050 00 - LIBRARY OF CONGRESS CALL NUMBER
Classification number PK2200.F28
Item number J3
082 ## - DEWEY DECIMAL CLASSIFICATION NUMBER
Classification number 891.4391
Author Mark FAR
100 1# - MAIN ENTRY--PERSONAL NAME
Personal name Farāz, Aḥmad,
Dates associated with a name 1931-2008.
9 (RLIN) 2174
245 10 - TITLE STATEMENT
Title Jānān̲ jānān̲ /
Statement of responsibility, etc. Aḥmad Farāz.
260 ## - PUBLICATION, DISTRIBUTION, ETC.
Place of publication, distribution, etc. Islamabad :
Name of publisher, distributor, etc. Dost publications,
Date of publication, distribution, etc. 2012
300 ## - PHYSICAL DESCRIPTION
Extent 155 p. ;
Dimensions 22 cm.
500 ## - GENERAL NOTE
General note In Urdu.
500 ## - GENERAL NOTE
General note Poems.
650 ## - SUBJECT ADDED ENTRY--TOPICAL TERM
Topical term or geographic name entry element Urdu Literature- Poems
9 (RLIN) 1989
880 ## - ALTERNATE GRAPHIC REPRESENTATION
Linkage 100-01\(3\r
Title احمد فراز
880 ## - ALTERNATE GRAPHIC REPRESENTATION
Linkage 245-02\(3\r
Title جاناں جاناں
c احمد فراز
880 ## - ALTERNATE GRAPHIC REPRESENTATION
Linkage 260-03\(3\r
Title اسلام آباد:
b دوست پبلی کیشن،
c 2012.
906 ## - LOCAL DATA ELEMENT F, LDF (RLIN)
a 7
b cbc
c orignew
d 4
e ncip
f 19
g y-gencatlg
942 ## - ADDED ENTRY ELEMENTS (KOHA)
Source of classification or shelving scheme
Koha item type Book
Holdings
Withdrawn status Lost status Source of classification or shelving scheme Damaged status Not for loan Collection code Permanent Location Current Location Shelving location Date acquired Total Checkouts Total Renewals Full call number Barcode Date last seen Date last checked out Copy number Price effective from Koha item type
            Central Library (CL) Central Library (CL) Fiction 06/12/2017 8 8 891.4391 FAR CL2641 01/26/2026 01/02/2026 1 06/12/2017 Book
© 2023 Central Library, National University of Sciences and Technology. All Rights Reserved.